| 000 | 00781nam a2200241 i 4500 | ||
|---|---|---|---|
| 003 | DO-SdBNP | ||
| 005 | 20240305073656.0 | ||
| 007 | ta | ||
| 008 | 110413s1994 dr 000 0 spa d | ||
| 040 |
_aDO-SdBNP _bspa _cBNPHU _erda |
||
| 082 |
_bP953 _222 |
||
| 245 | 0 | 0 |
_aPrimer seminario sobre género y vejez / _ccompilador Margot Tapia |
| 246 | 0 | 0 |
_aPrimer seminario sobre género y vejez _ben República Dominicana / |
| 264 | 1 |
_aSanto Domingo : _bCentro de apoyo Aquelarre, _c1994. |
|
| 300 |
_a48 páginas _c28 cm. |
||
| 336 |
_2rdacontent _atexto _btxt |
||
| 337 |
_2rdamedia _asin mediación _bn |
||
| 338 |
_2rdacarrier _avolumen _bnc |
||
| 590 | _aInventariado, 2023/ YL | ||
| 700 | 1 |
_aSilié, Rubén, _d1946- _ecompilador _91421 |
|
| 910 | _aYLockward | ||
| 942 |
_2ddc _cLBS1 |
||
| 999 |
_c55036 _d55036 |
||